[Event "Srpska Republic-chT 1st League"]
[Site "Banja Dvorovi"]
[Date "2018.08.12"]
[Round "9.4"]
[White "Mihojlic, Miodrag"]
[Black "Stojanovic, Dalibor"]
[Result "0-1"]
[WhiteElo "2066"]
[BlackElo "2480"]
[PlyCount "66"]
[EventDate "2018.08.04"]
[EventType "team-tourn"]
[EventRounds "9"]
[EventCountry "BIH"]
[SourceTitle "CBM 186 Extra"]
[Source "ChessBase"]
[SourceDate "2018.08.24"]
[SourceVersion "1"]
[SourceVersionDate "2018.08.24"]
[SourceQuality "1"]
[WhiteTeam "Bileca Hercegovac"]
[BlackTeam "Brcko Jedinstvo"]
[WhiteTeamCountry "BIH"]
[BlackTeamCountry "BIH"]

1. e4 c5 2. d4 cxd4 3. Nf3 Nc6 4. Nxd4 e6 5. Nb5 d6 6. Bf4 e5 7. Be3 a6 8. N5c3 Nf6 9. Be2 Be7 10. Nd5 Nxd5 11. exd5 Nb8 12. c4 0-0 13. Nc3 a5 14. Na4 Nd7 15. a3 f5 16. f3 Bg5 17. Bf2 e4 18. Bd4 exf3 19. Bxf3 Re8+ 20. Kf2 Ne5 21. b3 Nxf3 22. Qxf3 Re4 23. Bb6 Qf6 24. g3 Bd7 25. Nc3 Re7 26. Rad1 f4 27. Bd4 Qh6 28. Ne4 Rf8 29. h4 fxg3+ 30. Kg2 Rxf3 31. hxg5 Qg6 32. Nxg3 Rxg3+ 33. Kxg3 Qxg5+ 0-1

[Event "Srpska Republic-chT 1st League"]
[Site "Banja Dvorovi"]
[Date "2018.08.08"]
[Round "5.5"]
[White "Savic, Miodrag R"]
[Black "Mihojlic, Miodrag"]
[Result "1-0"]
[WhiteElo "2519"]
[BlackElo "2066"]
[PlyCount "81"]
[EventDate "2018.08.04"]
[EventType "team-tourn"]
[EventRounds "9"]
[EventCountry "BIH"]
[SourceTitle "CBM 186 Extra"]
[Source "ChessBase"]
[SourceDate "2018.08.24"]
[SourceVersion "1"]
[SourceVersionDate "2018.08.24"]
[SourceQuality "1"]
[WhiteTeam "Trebinje Leotar"]
[BlackTeam "Bileca Hercegovac"]
[WhiteTeamCountry "BIH"]
[BlackTeamCountry "BIH"]

1. e4 e5 2. Nf3 Nc6 3. Bc4 Nf6 4. d3 Bc5 5. c3 d6 6. 0-0 0-0 7. Bb3 Bg4 8. Re1 d5 9. Nbd2 dxe4 10. dxe4 Qe7 11. h3 Bh5 12. Nf1 Rad8 13. Qe2 Bg6 14. Ng3 Nh5 15. Nxh5 Bxh5 16. g4 Qd7 17. Rd1 Qc8 18. Rxd8 Rxd8 19. Nh4 Bg6 20. Nxg6 hxg6 21. Qc4 Bb6 22. Bg5 Rf8 23. Ba4 Kh7 24. Qe2 f6 25. Bh4 Qe8 26. Bg3 f5 27. exf5 gxf5 28. gxf5 Rf6 29. Re1 Rh6 30. Qg4 Qf7 31. Bb3 Qe7 32. Kg2 Bc5 33. Re4 Bd6 34. Bh4 Qf8 35. Bg5 g6 36. Bxh6 Qxh6 37. fxg6+ Kg7 38. Qe6 Ne7 39. Qf7+ Kh8 40. Qf6+ Qg7 41. Rh4# 1-0

[Event "Senta op-A 14th"]
[Site "Senta"]
[Date "2010.07.24"]
[Round "9"]
[White "Mihojlic, Miodrag"]
[Black "Dolnik, Attila"]
[Result "0-1"]
[WhiteElo "2099"]
[BlackElo "2183"]
[PlyCount "124"]
[EventDate "2010.07.17"]
[EventType "swiss"]
[EventRounds "9"]
[EventCountry "YUG"]
[SourceTitle "CBM 137 Extra"]
[Source "ChessBase"]
[SourceDate "2010.09.01"]
[SourceVersion "1"]
[SourceVersionDate "2010.09.01"]
[SourceQuality "1"]

1. e4 d6 2. d4 g6 3. Bc4 Bg7 4. Nf3 Nf6 5. Nc3 0-0 6. Bb3 Nbd7 7. e5 dxe5 8. dxe5 Ne8 9. e6 fxe6 10. Ng5 Bxc3+ 11. bxc3 Ng7 12. Bxe6+ Kh8 13. Nf7+ Rxf7 14. Bxf7 e6 15. Qd4 Qe7 16. Qf4 Nh5 17. Qxc7 Qxf7 18. Be3 Kg8 19. Rd1 Nf8 20. Qe5 Qf5 21. Qc7 Qf7 22. Qe5 Bd7 23. Bd4 Ng7 24. h4 Bc6 25. h5 Nd7 26. Qxg7+ Qxg7 27. Bxg7 Kxg7 28. Rd6 Nc5 29. hxg6 hxg6 30. 0-0 Bd5 31. a3 Kf7 32. c4 Bxc4 33. Rfd1 b6 34. R6d4 Bd5 35. c4 Bc6 36. f3 Kg7 37. Kf2 Rf8 38. Rh4 Ne4+ 39. Ke3 Nf6 40. Rh3 Kf7 41. Rd6 Rc8 42. Kd4 Be8 43. Kd3 e5 44. Ke3 Ke7 45. Rd3 Rxc4 46. Rh8 b5 47. g4 Bf7 48. g5 Nd5+ 49. Kd2 Nf4 50. Rdd8 Ne6 51. Rb8 Nxg5 52. Rh1 Nxf3+ 53. Ke3 Rc3+ 54. Ke2 Rxa3 55. Rh3 e4 56. Rh7 Kf6 57. Rxb5 Ra2+ 58. Ke3 Ng5 59. Rh4 Ra3+ 60. Ke2 Be6 61. Kf2 Bf5 62. Rd5 Nf7 0-1

[Event "Senta op-A 14th"]
[Site "Senta"]
[Date "2010.07.21"]
[Round "6"]
[White "Gajic, Zoran"]
[Black "Mihojlic, Miodrag"]
[Result "1/2-1/2"]
[WhiteElo "2109"]
[BlackElo "2099"]
[PlyCount "87"]
[EventDate "2010.07.17"]
[EventType "swiss"]
[EventRounds "9"]
[EventCountry "YUG"]
[SourceTitle "CBM 137 Extra"]
[Source "ChessBase"]
[SourceDate "2010.09.01"]
[SourceVersion "1"]
[SourceVersionDate "2010.09.01"]
[SourceQuality "1"]

1. c4 Nf6 2. Nf3 e6 3. Nc3 d5 4. d4 Be7 5. e3 0-0 6. Bd3 dxc4 7. Bxc4 b6 8. 0-0 Bb7 9. Ne1 Nbd7 10. f4 c5 11. d5 exd5 12. Bxd5 Nxd5 13. Nxd5 Nf6 14. Nxf6+ Bxf6 15. Qg4 Qe7 16. a4 Rad8 17. Nf3 Rd6 18. h4 Bxf3 19. Qxf3 Rfd8 20. Ra3 c4 21. g4 Bxh4 22. Rc3 Rc8 23. g5 Qd7 24. Rc2 h6 25. Rg2 hxg5 26. fxg5 Rg6 27. e4 Rc5 28. Rd1 Qe7 29. e5 Rxe5 30. Bf4 Rf5 31. Qa8+ Kh7 32. Rd8 Qe1+ 33. Kh2 Rgxg5 34. Rh8+ Kg6 35. Bxg5 Bxg5 36. Qc6+ f6 37. Re8 Qh4+ 38. Kg1 Qd4+ 39. Kh2 Qf4+ 40. Rg3 Kh7 41. Rh8+ Kxh8 42. Qe8+ Kh7 43. Qh5+ Bh6 44. Qg6+ 1/2-1/2

[Event "Senta op-A 14th"]
[Site "Senta"]
[Date "2010.07.18"]
[Round "3"]
[White "Mihojlic, Miodrag"]
[Black "Osmanovic, Faruk"]
[Result "0-1"]
[WhiteElo "2099"]
[BlackElo "2140"]
[PlyCount "102"]
[EventDate "2010.07.17"]
[EventType "swiss"]
[EventRounds "9"]
[EventCountry "YUG"]
[SourceTitle "CBM 137 Extra"]
[Source "ChessBase"]
[SourceDate "2010.09.01"]
[SourceVersion "1"]
[SourceVersionDate "2010.09.01"]
[SourceQuality "1"]

1. e4 c5 2. c3 e6 3. d4 d5 4. e5 Nc6 5. Nf3 Qb6 6. Bd3 Bd7 7. dxc5 Bxc5 8. 0-0 f6 9. b4 Be7 10. b5 Nd8 11. Be3 Bc5 12. exf6 Nxf6 13. Bxc5 Qxc5 14. Qe2 Nf7 15. Nbd2 0-0 16. Nb3 Qc7 17. Rfe1 Rac8 18. Rac1 b6 19. a4 Rce8 20. Ne5 Nxe5 21. Qxe5 Qxe5 22. Rxe5 Ng4 23. Re2 e5 24. f3 Nh6 25. Rce1 Nf7 26. c4 Be6 27. cxd5 Bxd5 28. Nd2 Rc8 29. Be4 Rfd8 30. Bf5 Rc7 31. h4 g6 32. Be4 Bb7 33. Bxb7 Rxb7 34. Nc4 Rd4 35. Re4 Rbd7 36. Kf2 Kf8 37. g4 R7d5 38. R1e2 Rc5 39. Ne3 Rxe4 40. fxe4 Nd6 41. Kf3 Rc3 42. Rc2 Ra3 43. Rc6 Ke7 44. Rc7+ Kd8 45. Rc6 Kd7 46. Ke2 Rxa4 47. Kd3 Nxe4 48. Nc4 Nc5+ 49. Kc3 e4 50. Ne5+ Ke7 51. Nc4 Ne6 0-1

[Event "Senta op-A 14th"]
[Site "Senta"]
[Date "2010.07.17"]
[Round "1"]
[White "Mihojlic, Miodrag"]
[Black "Jones, Iolo Cerredig"]
[Result "0-1"]
[WhiteElo "2099"]
[BlackElo "2289"]
[PlyCount "68"]
[EventDate "2010.07.17"]
[EventType "swiss"]
[EventRounds "9"]
[EventCountry "YUG"]
[SourceTitle "CBM 137 Extra"]
[Source "ChessBase"]
[SourceDate "2010.09.01"]
[SourceVersion "1"]
[SourceVersionDate "2010.09.01"]
[SourceQuality "1"]

1. e4 e5 2. Nf3 Nf6 3. Nxe5 d6 4. Nf3 Nxe4 5. d4 d5 6. c4 Bb4+ 7. Bd2 Nxd2 8. Nbxd2 0-0 9. cxd5 Qxd5 10. a3 Re8+ 11. Be2 Bxd2+ 12. Qxd2 Nc6 13. Rc1 Bg4 14. 0-0 Rxe2 15. Qxe2 Nxd4 16. Nxd4 Bxe2 17. Nxe2 Qd2 18. Ng3 c6 19. Rcd1 Qxb2 20. Rb1 Qxa3 21. Rxb7 Re8 22. h3 g6 23. Rd1 a5 24. Rdd7 Qc1+ 25. Kh2 Qf4 26. Rd3 Qxf2 27. Rf3 Qa2 28. h4 h5 29. Rf4 Qd5 30. Ra7 Re5 31. Rc7 Qe6 32. Ra7 Rb5 33. Ne4 Rf5 34. Ng5 Qe5 0-1

[Event "Senta op-B 13th"]
[Site "Senta"]
[Date "2009.07.25"]
[Round "9"]
[White "Mihojlic, Miodrag"]
[Black "Ruzicic, Sinisa"]
[Result "1-0"]
[WhiteElo "2096"]
[BlackElo "1996"]
[PlyCount "113"]
[EventDate "2009.07.18"]
[EventType "swiss"]
[EventRounds "9"]
[EventCountry "YUG"]
[SourceTitle "EXT 2012"]
[Source "ChessBase"]
[SourceDate "2011.11.24"]
[SourceVersion "1"]
[SourceVersionDate "2011.11.24"]
[SourceQuality "1"]

1. e4 c5 2. c3 d5 3. exd5 Qxd5 4. d4 e5 5. dxe5 Qxe5+ 6. Be3 Nf6 7. Nf3 Qd5 8. Nbd2 Be7 9. Bc4 Qh5 10. 0-0 0-0 11. Bf4 Qf5 12. Bg3 Nc6 13. Re1 a6 14. a4 b6 15. Qb3 Bd8 16. Qa2 Bb7 17. Bd6 Na5 18. Bxf8 Nxc4 19. Qxc4 Bd5 20. Qf1 Kxf8 21. Re5 Qd7 22. Rd1 Bc7 23. Re2 Qxa4 24. c4 Be6 25. b3 Qb4 26. Ra1 Qc3 27. Re3 Qc2 28. Qd3 Qxd3 29. Rxd3 h6 30. h3 g5 31. g4 Kg7 32. Re1 Bf4 33. Ne4 Nxe4 34. Rxe4 b5 35. Ne5 bxc4 36. bxc4 Rb8 37. Nd7 Rb1+ 38. Kg2 Rc1 39. Nb6 a5 40. Nd5 Bd6 41. Ne3 Bf4 42. Nd5 Bd6 43. Kf3 a4 44. Nb6 Bf8 45. Nxa4 Bxc4 46. Rc3 Rxc3+ 47. Nxc3 Be6 48. Ra4 Be7 49. Ke4 Bf6 50. Nd5 Bd4 51. f3 Bd7 52. Ra6 Bb5 53. Rb6 Bf1 54. Ne7 Bf6 55. Nf5+ Kg6 56. Ne3 Bxh3 57. Nd5 1-0

[Event "Senta op-B 13th"]
[Site "Senta"]
[Date "2009.07.19"]
[Round "2"]
[White "Csomos, Janos"]
[Black "Mihojlic, Miodrag"]
[Result "0-1"]
[WhiteElo "1906"]
[BlackElo "2096"]
[PlyCount "46"]
[EventDate "2009.07.18"]
[EventType "swiss"]
[EventRounds "9"]
[EventCountry "YUG"]
[SourceTitle "EXT 2012"]
[Source "ChessBase"]
[SourceDate "2011.11.24"]
[SourceVersion "1"]
[SourceVersionDate "2011.11.24"]
[SourceQuality "1"]

1. c4 Nf6 2. Nc3 e5 3. d3 Bc5 4. Nf3 d6 5. Bg5 c6 6. g3 Qb6 7. d4 exd4 8. Na4 Bb4+ 9. Bd2 Qa5 10. a3 Bxd2+ 11. Nxd2 c5 12. Bg2 Bd7 13. b3 Bc6 14. f3 Nbd7 15. Nb2 Ne5 16. 0-0 Qc3 17. Rb1 Qe3+ 18. Kh1 h5 19. Qc2 h4 20. gxh4 Rxh4 21. Nd3 Nh5 22. Nf2 Ng3+ 23. Kg1 Nxe2+ 0-1

[Event "Senta op-B 13th"]
[Site "Senta"]
[Date "2009.07.19"]
[Round "3"]
[White "Mihojlic, Miodrag"]
[Black "Posa, Janos"]
[Result "1/2-1/2"]
[WhiteElo "2096"]
[BlackElo "1960"]
[PlyCount "44"]
[EventDate "2009.07.18"]
[EventType "swiss"]
[EventRounds "9"]
[EventCountry "YUG"]
[SourceTitle "EXT 2012"]
[Source "ChessBase"]
[SourceDate "2011.11.24"]
[SourceVersion "1"]
[SourceVersionDate "2011.11.24"]
[SourceQuality "1"]

1. e4 c6 2. d4 d5 3. e5 Bf5 4. Bd3 Bxd3 5. Qxd3 e6 6. f4 Qa5+ 7. Nd2 Qa6 8. Qf3 g6 9. Ne2 c5 10. c3 cxd4 11. cxd4 Nc6 12. 0-0 Qb6 13. Qf2 Nb4 14. Nf3 Ne7 15. Nc3 Nd3 16. Qe2 Nxc1 17. Raxc1 Nc6 18. Kh1 a6 19. h3 Be7 20. Qf2 Qd8 21. g4 h5 22. g5 Rc8 1/2-1/2

[Event "DDS League and op 12th"]
[Site "Tuzla"]
[Date "2006.09.19"]
[Round "7"]
[White "Mihojlic, Miodrag"]
[Black "Mikanovic, Sandro"]
[Result "1-0"]
[WhiteElo "2092"]
[BlackElo "2105"]
[PlyCount "73"]
[EventDate "2006.09.15"]
[EventType "team"]
[EventRounds "9"]
[EventCountry "BIH"]
[SourceTitle "CBM 114 Extra"]
[Source "ChessBase"]
[SourceDate "2006.11.03"]
[SourceVersion "1"]
[SourceVersionDate "2006.11.03"]
[SourceQuality "1"]

1. Nf3 d5 2. d4 Nf6 3. c4 c6 4. cxd5 cxd5 5. Nc3 Nc6 6. Bf4 e6 7. e3 Nh5 8. Bg5 Qb6 9. Qd2 h6 10. Bh4 Bd6 11. Bd3 Bd7 12. 0-0 g5 13. Bg3 Nxg3 14. hxg3 f5 15. Rac1 Ne7 16. Qe2 Kf7 17. Rc2 a6 18. Re1 Rag8 19. Rec1 h5 20. Ne5+ Bxe5 21. dxe5 Bc6 22. Qd2 Ng6 23. Bxf5 exf5 24. Nxd5 Qd8 25. Rxc6 bxc6 26. Rxc6 Kg7 27. Qd4 Kh6 28. Rd6 Qf8 29. Qb6 Rg7 30. b4 Qe8 31. Qd4 Rd7 32. Rxa6 Qd8 33. e4 fxe4 34. Qxe4 Rg8 35. Nf6 Rd1+ 36. Kh2 Rg7 37. Qf3 1-0

[Event "Bijeljina"]
[Site "Bijeljina Dvorovi"]
[Date "1994.??.??"]
[Round "13"]
[White "Dragovic, Nada"]
[Black "Mihojlic, Miodrag"]
[Result "1/2-1/2"]
[WhiteElo "2015"]
[BlackElo "2240"]
[PlyCount "24"]
[EventDate "1994.??.??"]
[EventType "tourn"]
[EventRounds "13"]
[EventCountry "YUG"]
[SourceTitle "EXT 2002"]
[Source "ChessBase"]
[SourceDate "2001.11.25"]
[SourceVersion "1"]
[SourceVersionDate "2001.11.25"]
[SourceQuality "1"]

1. e4 c5 2. Nf3 a6 3. d4 cxd4 4. Nxd4 Nf6 5. Nc3 e5 6. Nb3 Bb4 7. Bd3 d5 8. exd5 e4 9. Be2 Nxd5 10. Qd4 0-0 11. 0-0 Bxc3 12. bxc3 Nc6 1/2-1/2